Musiker aus Niederösterreich - Statistiken

Allgemein
  • Dieses Quiz wurde 36 mal gespielt
  • Das Durchschnittsergebnis liegt bei 2 aus 15
Antwortstatistiken
Songs Musiker/Band % Korrekt
Ham kummst | Herr Inspektor Seiler und Speer
90%
Johnny Däpp | Beate, die Harte Lorenz Büffel
37%
Heite grob ma Tote aus | Angst haums Voodoo Jürgens
33%
Nur ein Lied | Venedig im Regen Thomas Forstner
30%
Seemann (deine Heimat ist das Meer) | Der weiße Mond von Maratonga Lolita
13%
Like 16 | In The Morning Onk Lou
10%
Cosmic Bruise | Sinnerman Clara Luzia
7%
Gemma gemma | Hawedere Skolka
7%
Lauf mich frei | Kaffee Alexander Eder
3%
Dann kommt die Musik | Helden Einfach Flo (FlowRag)
3%
Wenn das blaue Meer nicht wär | Patricia Jörg Maria Berg
3%
Starstruck | Love You've Lost OSKA
3%
I man i dram | Der Schneemensch (The) Madcaps
3%
Sacred River | Blossoms Falling Like Snow Gandalf
0%
Der Sound von deim Stern | Schwarzer Engel Manfred Holub
0%
Keine übereinstimmenden Quizze gefunden
Verteilung der Resultate
Anzahl Personen mit jedem Resultat
Perzentil nach korrekt beantworteten Fragen
Ihre Resultats-Entwicklung
Sie haben dieses Quiz noch nicht gespielt